| 000 | 00641nam a2200181 4500 | ||
|---|---|---|---|
| 001 | 112563 | ||
| 003 | ES-MaACL | ||
| 005 | 20230906185547.0 | ||
| 007 | t| | ||
| 008 | 061121s1970 sp r ||||1| spa d | ||
| 100 | 1 |
_aOrtí Bordás, José Miguel. _987529 |
|
| 245 | 1 | 0 |
_aDiscurso del vicesecretario general del Movimiento José Miguel Ortí Bordás : _bpronunciado en Castellón de la Plana, el 12 de julio de 1970. |
| 260 |
_aMadrid : _bEdiciones del Movimiento, _c1970. |
||
| 300 |
_a17 p. ; _c20 cm. |
||
| 651 | 4 |
_aEspaña- _xHistoria- _y1955-1975. _98337 |
|
| 710 | 2 |
_aEdiciones del Movimiento. _9171800 |
|
| 852 |
_aES-MaACL _j2074-F-19 |
||
| 999 |
_c112563 _d112563 |
||